000 00659nam a2200253Ia 4500
003 OSt
005 20221007074934.0
006 a|||||r|||| 00| 0
007 ta
008 221006b |||||||| |||| 00| 0 eng d
024 _a29,719
037 _cTextual
040 _aFLL
_cFLL
_beng
041 _2eng
_aeng
082 _aXM55:Z2, P7.1-P7.3
100 _aGhosh K.M.
245 0 _aCompany law
250 _a13th
260 _aNew Delhi
_bBharat Law House India
_c2007
300 _aD.P.
_ccm.
700 _a Chandratre K.R.
942 _hXM55:Z2, P7.1-P7.3
_cTEXL
_2CC
999 _c1154220
_d1154220